000
00239nam a22001097a 4500
020
_a
9780746042397
082
_a
K421
100
_a
PARKER, VICTORIA
245
_a
IMPROVE YOUR SPELLING WITH TESTS AND EXERCISES
300
_a
32P
942
_c
BK
999
_c
3375
_d
3375